000 00376nam a2200109Ia 4500
008 160909s9999 xx 000 0 und d
100 _aRamsumeer, Soy
245 2 _aA Plan for the Implementation and Evaluation of Diet Education in Type 2 Diabetes
260 _bWalden University
_c2016
650 _aNursing
856 _uhttp://pqdtopen.proquest.com/doc/1752116783.html?FMT=ABS
999 _c303905
_d303905